| 000 | 00895nas a2200265 4500 | ||
|---|---|---|---|
| 001 | BR9210581 | ||
| 003 | BR-BrBNA | ||
| 005 | 20231205093409.0 | ||
| 007 | ta | ||
| 008 | 230509b bl.|||p| |||| 00| 00por d | ||
| 040 |
_aBR-BrBNA _bpor _cBiblioteca Nacional de Agricultura |
||
| 041 | _a(Pt) | ||
| 072 | _aP32 | ||
| 100 | 1 | _aFreitas, R.O. de | |
| 100 | 1 | _aVieira, P.C. | |
| 100 | 1 | _aMezzalira, S. | |
| 245 | 1 | _aA formacao Piracununga na regiao de Vargem Grande do Sul, Sao Paulo. Aplicacao da tecnica de perfis sedimentares | |
| 246 | 1 | _aThe Piracununga formation in the Vargem Grande do Sul region, Sao Paulo state, Brazil | |
| 650 | _aSEDIMENTACAO | ||
| 650 | _aGRANULOMETRIA | ||
| 650 | _aSAO PAULO | ||
| 773 | 0 |
_tRevista do Instituto Geologico (Brazil) _xISSN 0100-929X _g(1990), v. 11(2) p. 35-48 _wBR9210581 |
|
| 909 |
_a202311 _bLúcia _c55 _dLúcia Elande |
||
| 942 |
_2AGRIS _n0 _cANA |
||
| 999 |
_c138062 _d138062 |
||